| 000 | 00441nam a2200133Ia 4500 | ||
|---|---|---|---|
| 008 | 260210s9999 xx 000 0 und d | ||
| 024 | _a10B-42-BS , 10B-114-BS & 10B-116-BS | ||
| 082 | _a005.1072 SAN | ||
| 100 | _aSania Jamil, Talha Baig & Rameesha Fareed | ||
| 245 | 0 | _aMedical Symptom Identifier (MIS) (code book) | |
| 260 |
_aKarachi: _bUITU, _c2010 |
||
| 600 | _aComputer Science | ||
| 650 | _aBachelor of Computer Science (BS) | ||
| 999 |
_c32140 _d32140 |
||